|
|
|
|
| LEADER |
01160nam a2200277 a 4500 |
| 001 |
13225520 |
| 008 |
100930s2009 njua b 001 0 eng d |
| 010 |
|
|
|a 2003054898
|
| 020 |
|
|
|a 9788131727386
|
| 020 |
|
|
|a 0130153907
|
| 040 |
|
|
|a DLC
|c DLC
|d DLC
|d DB-DhAAL
|
| 082 |
0 |
0 |
|a 006.6
|2 22
|
| 100 |
1 |
|
|a Hearn, Donald.
|
| 245 |
1 |
0 |
|a Computer graphics with OpenGL /
|c Donald Hearn, M. Pauline Baker.
|
| 250 |
|
|
|a 3rd ed.
|
| 260 |
|
|
|a Upper Saddle River, NJ ;
|a New Delhi :
|b Pearson Prentice Hall,
|c c2009.
|
| 300 |
|
|
|a xxii, 857 p. :
|b ill. (some col.) ;
|c 26 cm.
|
| 504 |
|
|
|a Includes bibliographical references (p. 827-838) and index.
|
| 541 |
1 |
|
|e 00021147
|
| 650 |
|
0 |
|a Computer graphics.
|
| 630 |
0 |
0 |
|a OpenGL.
|
| 700 |
1 |
|
|a Baker, M. Pauline.
|
| 852 |
4 |
|
|a Ayesha Abed Library
|j General Shelf.
|
| 999 |
|
|
|c 9588
|d 9588
|
| 952 |
|
|
|0 0
|1 0
|2 ddc
|4 0
|6 006_600000000000000_HEA_2009
|7 0
|9 12200
|a BRACUL
|b BRACUL
|c GEN
|d 2010-09-30
|l 11
|m 44
|o 006.6 HEA
|p 3010021147
|r 2025-12-01
|s 2025-08-03
|t 1
|w 2010-09-30
|y BK
|
| 952 |
|
|
|0 0
|1 0
|2 ddc
|4 0
|6 006_600000000000000_HEA_2009
|7 0
|9 12202
|a BRACUL
|b BRACUL
|c GEN
|d 2010-09-30
|l 12
|m 67
|o 006.6 HEA
|p 3010021148
|r 2026-01-11
|s 2025-11-08
|t 2
|w 2010-09-30
|y BK
|